00671 a2200229 4500260001200000100002600012700002800038260001000066300000900076245015800085650002400243650001400267650002300281650003700304650002600341650002500367650001400392260000900406130000700415500000900422040001000431 aCotonou aAGBANDE, M. Elvire M. aAHOSSIKPE, A. Maryse C. bENEAM b33 p aAnalyse de la seconde campagne de précommercialisarion des logement de standing de la société de promotion et de gestion immobilières (PRIMMO SA) aGESTION COMMERCIALE aMARKETING aACTION COMMERCIALE aCAMPAGNE DE PRECOMMERCIALISATION aLOGEMENTS DE STANDING aGESTION IMMOBILIERES aPRIMMO SA c2007 lFr a1 ex aENEAM